000 00761nam a2200217Ia 4500
003 GCL
008 140319s9999 xx 000 0 ara d
040 _aGCL /
_cGCL
082 0 4 _a693.5
_bخ م
100 1 _aم.ا. حلمى
245 1 0 _aسلسلة مذكرات الخرسانة المسلحة 2مج1 , 2مج2 , 1مج4 , 2مج5 .بعض الاجذاء باللغة الانجليزية /
_cم.ا. حلمى
700 1 _aس.ا زايد
700 1 _aابراهيم الدسوقى قريش
700 1 _aعزالدين رمزى زغلول
260 _a[S.N] :
_bدار الراتب الجامعية ،
_c1986
300 _a195 ص
490 _a
650 0 4 _aالخرسانة المسلحة
650 0 4 _aاعمال التشييد
942 _2ddc
_cBK
999 _c54719
_d54719